000 00375 a2200169 4500
001 184533
020 _a85-16-00239-X
040 _cMagnum
100 _aDiaféria, Lourenço
240 1 0 _aO empinador de estrela
_lpor
245 1 0 _aO empinador de estrela
300 _a33
362 0 _a2000
440 1 _aModerna
697 _aLITERATURA INFANTO-JUVENIL
942 _cBK
999 _c184533
_d184533